Parámetros hacia la futura empresa (Record no. 129666)

MARC details
000 -LEADER
campo de control de longitud fija 00574nam a2200169 i 4500
001 - NÚMERO DE CONTROL
campo de control 129666
003 - IDENTIFICADOR DE NÚMERO DE CONTROL
campo de control ES-MaACL
007 - CAMPO FIJO DE DESCRIPCIÓN FÍSICA--INFORMACIÓN GENERAL
campo de control de longitud fija t|
008 - DATOS DE LONGITUD FIJA--INFORMACIÓN GENERAL
campo de control de longitud fija 070702s1975 sp ||||1| spa d
100 1# - ENTRADA PRINCIPAL--NOMBRE DE PERSONA
Nombre de persona Zomeño Merino, Julián.
9 (RLIN) 118339
245 10 - MENCIÓN DEL TÍTULO
Título Parámetros hacia la futura empresa
Resto del título : (constantes y variables en la evolución comunitaria laboral) /
Mención de responsabilidad, etc. Julián Zomeño Merino.
260 ## - PUBLICACIÓN, DISTRIBUCIÓN, ETC.
Lugar de publicación, distribución, etc. [Castellón :
Nombre del editor, distribuidor, etc. s.n.,
Fecha de publicación, distribución, etc. 1975] (
Fabricante Imp. F. Armengot)
300 ## - DESCRIPCIÓN FÍSICA
Extensión 250 p. ;
Dimensiones 25 cm.
650 17 - PUNTO DE ACCESO ADICIONAL DE MATERIA--TÉRMINO DE MATERIA
Término de materia o nombre geográfico como elemento de entrada Empresas
Fuente del encabezamiento o término embne
9 (RLIN) 12209
852 ## - LOCALIZACIÓN
Ubicación ES-MaACL
Número de control de estantería E-8806
Sublocalización o colección R.93286
Holdings
Estatus retirado Estado de pérdida Estado de daño No para préstamo Biblioteca de origen Biblioteca actual Ubicación en estantería Fecha de adquisición Fuente de adquisición Total de préstamos Signatura topográfica completa Código de barras Visto por última vez Precio de reemplazo Tipo de ítem Koha
        Biblioteca del Ateneo de Madrid Biblioteca del Ateneo de Madrid Depósito 2 17/01/2008     E-8806 1135021 23/02/2023 23/02/2023 Libro impreso